MDQL
is popping MORE tags! Check the
thread
!
Quizzes
Events
Quiz Creation
Community
Videos
Private Events
Remove Ads
Sign In
Join for FREE
Feedback
Dark Mode
Quiz Categories
Sports
Geography
Music
Movies
Television
Just For Fun
Miscellaneous
History
Literature
Language
Science
Gaming
Entertainment
Religion
Holiday
For Kids
Quiz Lab
Recent
Popular Today
Quiz Kudos Today
Editor Picks
Curator Picks
Quizzes by...
Day
Popularity
Type
Ratings
Length
Year
Community
Subscriptions
Recent Discussions
Orange Saloon
Badges
Playlists
Quests
Create
Leaderboards
Showdown
Live 5
Trivia Bingo
Activity
Puzzle Library
Sporcle Events
Private Events
Virtual Trivia
Globe League
Become a Host
Pub Owners
SporcleCon
Opinionation
Our Games
Videos
Blog
Mobile Apps
Partnerships
Remove Ads and Go Orange
Feedback
Entertainment
Celebrity
Famous
Musical
Broadway
Show
Quote
Comic Books
Anime
Superhero
DC Comics
Marvel
Cartoons
Animation
Entertainment
Celebrity
Famous
Musical
Broadway
Show
Quote
Comic Books
Anime
Superhero
DC Comics
Marvel
Cartoons
Animation
Random Quiz
Search Sporcle
×
Quiz Lab
Quiz Lab
Entertainment
Character
Type in answers that appear in a list
Type in answers that appear in a list
Classic
Best Score? Go Orange.
Muppet Characters Stats
Can you name the Muppet characters??
By
CaptainTodd
8m
48 Questions
457 Plays
457 Plays
457 Plays
Comments
Comments
Give Quiz Kudos
Give Quiz Kudos
-
- Ratings
hide this ad
Replay
Link that replays current quiz
Next Quiz
Link to next quiz in quiz playlist
You Got
0%
They Got
Avg Score
53%
Avg Friend Score
Upgrade to see
Score Distribution
Jump to the score distribution portion of the page
Score
0/48
Timer
08:00
0
Plays Today
% Correct
Kermit the Frog
96.3%
Miss Piggy
94.5%
Fozzie Bear
89.3%
The Great Gonzo
87.1%
Animal
84.7%
Beaker
79.6%
Dr. Teeth
76.6%
Scooter
75.5%
Janice
74.6%
Rowlf the Dog
73.1%
Sgt. Floyd Pepper
71.3%
Zoot
70.9%
Dr. Bunsen Honeydew
68.7%
Rizzo the Rat
68.3%
Sam the Eagle
67.6%
Sweetums
67%
The Swedish Chef
65.2%
Statler
63.7%
Pepe the King Prawn
63.7%
Waldorf
63%
Camilla the Chicken
60.6%
Lew Zealand
60.2%
Robin the Frog
57.3%
Lips
56%
% Correct
Beauregard
53%
Crazy Harry
51.9%
Link Hogthrob
49.7%
Bobo the Bear
49%
Thog
44.4%
Uncle Deadly
43.8%
The Newsman
39.4%
Pops
38.5%
Clifford
38.3%
Johnny Fiama
37.4%
Sal Manilla
37%
Dr. Julius Strangepork
36.8%
Marvin Suggs
34.1%
Mahna Mahna
34.1%
The Snowths
31.5%
Bean Bunny
30.9%
Nigel the Conductor
28.9%
Wayne and Wanda
27.9%
Hilda the Wardrobe Lady
27.8%
Beautiful Day Monster
23.2%
Big Mean Carl
23%
Dr. Phil Van Neuter
21.7%
Timmy Monster
19.3%
The Mutations
16.8%
Quiz Playlist
Details
Report
Send in Message
Add To Playlist
Classic:
Type in answers that appear in a list
Last Updated: Feb 16, 2017
Quiz Scoreboard
CHALLENGE
Sign Up to Join the Scoreboard
Show All
Scores
Hide
Comments
May contain spoilers
Recently Published
Colored Red Africa Blitz
by spor1
Geography
30s
Find the 'City' Movie
by crazypaving
Movies
60s
5x2 Blitz: Bands
by SL_Kpop136
Music
30s
More to Explore
Quiz From the Vault
Featured Blog Post
14 Easter Pick-up Lines to Find Eggs With
hide this ad
You Might Also Like...
Tags
Character
The Muppets
Today's Top Quizzes in Entertainment
Browse Entertainment
hide this ad
Today's Top Quizzes in Character
Browse Character
Top Contributed Quizzes in Entertainment
1
Dragon Ball Z: Goku's Fights in Order
2
Marvel Classic Character Map
3
Marvel Characters Bunker
4
JoJo's Bizarre Logic Quiz
5
This is Your Life: Edward Elric
6
BOYS PLANET Quiz
7
Celebrity Spelling Bee
8
This is Your Life: Itachi Uchiha
9
One Piece Heroines Chapter Cover
10
Survivor Winners Logic Quiz
Explore More
Trending Topics
Anime
Harry Potter
NBA
Marvel
Crossword
Disney
Kpop
Song
Country
The Office
Soccer
Puzzle
WWE
NFL
Pokémon
hide this ad
More By:
CaptainTodd
Quiz
Plays
Rating
Category
Featured
Created
Muppet Characters
457
2.20
Entertainment
Nov 21, 2011
Jason Segel Movies
76
2.00
Movies
Nov 9, 2011
Go to Creator's Profile
Score Distribution
Quiz Creator Spotlight
CaptainTodd
Follow
Send a Message
Quizzes Created
-
Created Quiz Play Count
-
More By This Creator
Popular Quizzes Today
1
Colored Red Africa Blitz
2
Find the 'City' Movie
3
Find the US States - No Outlines Minefield
4
5x2 Blitz: Bands
5
The Countries of the World
6
Find the US States
7
US States
8
Find the Countries of Europe - No Outlines Minefield
More Entertainment Quizzes
Dynamic Duo Match 'Em Up II
Published
Trending Quizzes
Colored Red Europe Blitz I
Colored Red Europe Blitz II
Colored Red Africa Blitz II
Colored Red Europe Blitz III
Colored Red Africa Blitz III
Recently Updated
How Do You Spell That?
pecheneg
Godzilla Movies
pecheneg
Grab Bag: 4-10 Letters
pecheneg
2024 March Madness Bracket
pecheneg
Famous TV Couples
Peacemaker
Champions League XIs: Real Madrid
pecheneg
Largest US Cities 1790-2010
pecheneg
Rides in Walt Disney World
pecheneg
Most Oscar Losses (Acting)
pecheneg
Beyoncé Albums
pecheneg
Trending Topics
Kpop
NBA
Anime
Crossword
Harry Potter
Disney
Marvel
Pokémon
Puzzle
Song
The Office
Country
Soccer
WWE
NFL
Your Account Isn't Verified!
In order to create a playlist on Sporcle, you need to verify the email address you used during registration. Go to your
Sporcle Settings
to finish the process.
Report this User
Report this user for behavior that violates our
Community Guidelines
.
Details:
Send Report
Go to the Sporcle.com Mobile Site →
Comments